| 000 | 00643nam a22002177a 4500 | ||
|---|---|---|---|
| 020 | _a978-1-84973-610-7 | ||
| 022 | _a2044-0790 | ||
| 082 |
_aNR:62:678.023.3 _bTHO.1 |
||
| 100 | _aTHOMAS, Sabu. et al. Ed. | ||
| 245 | _aNatural rubber materials. Vol 1. Blends and IPNs | ||
| 260 |
_aCambridge _bRoyal Society of Chemistry _c2014 |
||
| 300 | _a613p. | ||
| 490 | _aRSC Polymer Chemistry Series No. 7 | ||
| 650 | _aNatural rubber blends | ||
| 650 | _aInterpenetrating Polymer Networks | ||
| 650 | _aIPNs | ||
| 650 | _aNR biosynthesis | ||
| 650 | _aNatural rubber production | ||
| 650 | _aCommercial NR latex production | ||
| 942 | _cBK | ||
| 999 |
_c74657 _d74657 |
||